000 00421nam a2200181Ia 4500
005 20240823062534.0
008 240823s9999||||xx |||||||||||||| ||und||
041 _aENGLISH
082 _A621.3848 M1
100 _a"Skolnik,Merril"
245 0 _aIntroduction to Radar Systems
250 _a2nd
260 _c1981
_b"MGH,Auckland"
500 _aYES
650 _aRadar
_bElectronics
942 _cBK
999 _c236116
_d236116